<?xml version="1.0" encoding="UTF-8"?>
<collection xmlns="http://www.loc.gov/MARC21/slim">
    <record>
        <controlfield tag="001">10545</controlfield>
        <controlfield tag="005">20150325140157.0</controlfield>
        <datafield tag="037" ind1=" " ind2=" ">
            <subfield code="a">TAZ-TFG-2013-116</subfield>
        </datafield>
        <datafield tag="041" ind1=" " ind2=" ">
            <subfield code="a">spa</subfield>
        </datafield>
        <datafield tag="100" ind1="1" ind2=" ">
            <subfield code="a">Purcell Siri, Federico</subfield>
        </datafield>
        <datafield tag="245" ind1="0" ind2="0">
            <subfield code="a">Prácticas clínicas y entorno de aprendizaje. Valoración de los alumnos de enfermería de Teruel. Curso 2012-2013</subfield>
        </datafield>
        <datafield tag="260" ind1=" " ind2=" ">
            <subfield code="a">Zaragoza</subfield>
            <subfield code="b">Universidad de Zaragoza</subfield>
            <subfield code="c">2013</subfield>
        </datafield>
        <datafield tag="506" ind1=" " ind2=" ">
            <subfield code="a">by-nc-sa</subfield>
            <subfield code="b">Creative Commons</subfield>
            <subfield code="c">3.0</subfield>
            <subfield code="u">http://creativecommons.org/licenses/by-nc-sa/3.0/</subfield>
        </datafield>
        <datafield tag="520" ind1=" " ind2=" ">
            <subfield code="a">Objetivos: conocer la valoración de las prácticas asistenciales de los estudiantes de la Escuela Universitaria de Enfermería de Teruel, así como analizar las diferencias existentes entre la percepción que los alumnos tienen del entorno de aprendizaje clínico actual y el ideal o deseado. Analizar las expectativas de los estudiantes según el curso que estudian y comparar su satisfacción según su curso y con los servicios asistenciales. Material y métodos: se trata de un estudio transversal y descriptivo realizado a los estudiantes de enfermería que realizan sus prácticas en las unidades asistenciales adscritas a la Escuela de Enfermería durante el curso académico 2012/13. Para la recogida de datos se ha utilizado el Clinical Learning Environment Inventory (CLEI), encuesta que fue desarrollado por Chan. El cuestionario mide cinco dimensiones: individualización, innovación, implicación, personalización y distribución de actividades; contiene 7 enunciados, con un total de 42 ítems y se compone de dos versiones, uno que valora el entorno clínico actual y otro el ideal. Para el análisis estadístico se usó el paquete estadístico SPSS 15.0 para Windows.  Resultados: la muestra total fue de 100 alumnos, de los cuales contestaron 95 (95%). En el momento actual los estudiantes perciben la individualización como el aspecto más importante. Por el contario, perciben la implicación de los alumnos como el aspecto menos importante. Nos encontramos con que no existen diferencias estadísticamete significativas en cómo perciben el entorno de aprendizaje clínico en relación al curso (p>0,05). Las medias relativas a las dimensiones sobre el entorno de aprendizaje ideal son inferiores a las medias obtenidas para el entorno actual, excepto la personalización. Así mismo, se calculó que por cada curso aumenta un 0,372 la satisfacción media. En la comparación de satisfación con las unidades asistenciales se observó que el rango de puntuaciones va desde la menos valorada 13,02 (unidades centrales) hasta la mejor valorada 18,01 (cuidados especiales) con desviaciones típicas de 1,551 y 2,179, respectivamente. Conclusiones: en vista de los resultados obtenidos, se concluye que en general los estudiantes  de enfermeria de Teruel prefieren el entorno de aprendizaje que reciben en la actualidad, al contrario que los estudiantes de otras escuelas ya que éstos preferían un entorno aprendizaje mucho más positivo que el que percibían en la actualidad. </subfield>
        </datafield>
        <datafield tag="521" ind1=" " ind2=" ">
            <subfield code="a">Graduado en Enfermería</subfield>
        </datafield>
        <datafield tag="540" ind1=" " ind2=" ">
            <subfield code="a">Derechos regulados por licencia Creative Commons</subfield>
        </datafield>
        <datafield tag="653" ind1="1" ind2=" ">
            <subfield code="a">estudiantes de Enfermería</subfield>
        </datafield>
        <datafield tag="653" ind1="1" ind2=" ">
            <subfield code="a">prácticas clínicas</subfield>
        </datafield>
        <datafield tag="653" ind1="1" ind2=" ">
            <subfield code="a">aprendizaje actual e ideal</subfield>
        </datafield>
        <datafield tag="653" ind1="1" ind2=" ">
            <subfield code="a">satisfacción</subfield>
        </datafield>
        <datafield tag="700" ind1=" " ind2=" ">
            <subfield code="a">Camacho Ballano, María Ángeles</subfield>
            <subfield code="e">dir.</subfield>
        </datafield>
        <datafield tag="710" ind1="2" ind2=" ">
            <subfield code="a">Universidad de Zaragoza</subfield>
            <subfield code="b"> </subfield>
            <subfield code="c"></subfield>
        </datafield>
        <datafield tag="856" ind1="0" ind2=" ">
            <subfield code="f">617622@celes.unizar.es</subfield>
        </datafield>
        <datafield tag="856" ind1="4" ind2=" ">
            <subfield code="s">780130</subfield>
            <subfield code="u">http://zaguan.unizar.es/record/10545/files/TAZ-TFG-2013-116.pdf</subfield>
            <subfield code="y">Memoria (spa)</subfield>
        </datafield>
        <datafield tag="909" ind1="C" ind2="O">
            <subfield code="o">oai:zaguan.unizar.es:10545</subfield>
            <subfield code="p">driver</subfield>
            <subfield code="p">trabajos-fin-grado</subfield>
        </datafield>
        <datafield tag="950" ind1=" " ind2=" ">
            <subfield code="a"></subfield>
        </datafield>
        <datafield tag="980" ind1=" " ind2=" ">
            <subfield code="a">TAZ</subfield>
            <subfield code="b">TFG</subfield>
            <subfield code="c">ENFTER</subfield>
        </datafield>
    </record>

    
</collection>